000 02275nam0a2200373 i 4500
001 RU\NLR\bibl\2018748
005 20260408203434.0
010 _a9785896941392
_9200
021 _aRU
_b2013-15547
_91102
035 _a(NLR Aleph) 002007097
090 _a4434067
_c4434067
100 _a20130402d2012 k y0rusy50 ca
101 0 _arus
102 _aRU
105 _aa |||||||||
200 1 _aПроблемы бизнеса и технологий в Дальневосточном регионе
_eсборник материалов региональной научно-практической конференции молодых ученых "Проблемы бизнеса и технологий в Дальневосточном регионе"
_f[редкол.: Говоруха Р.Ш., к.э.н., проф. и др.]
210 _aНаходка
_cНОУ ВПО "Институт технологии и бизнеса"
_d2012
215 _a119 с.
_cил.
_d21
300 _aВ надзаг.: НОУ ВПО "Ин-т технологии и бизнеса"
606 _aТехнологические процессы
_jСъезды, совещания и т.п.
_91963949
_3RU\NLR\auth\66899282
606 _aТуризм
_yРоссийская Федерация
_yДальний Восток
_jСъезды, совещания и т.п.
_3RU\NLR\auth\661539085
_92602527
607 _aРоссийская Федерация
_jСъезды, совещания и т.п.
_xНародное хозяйство
_yДальний Восток
_92081336
_3RU\NLR\auth\661257314
686 1 _aУ03(2Р55)74я431
686 1 _aЧ518.14(2Р55)я431
686 1 _aЖ6я431
702 1 _aГоворуха
_bР. Ш.
_gРаиса Шакировна
_4340
711 1 2 _a"Проблемы бизнеса и технологий в Дальневосточном регионе", региональная научно-практическая конференция молодых ученых
_f2012
_eНаходка
_3RU\NLR\AUTH\8810243611
_9373030
801 0 _aRU
_bNLR
_c20130402
_gRCR
801 1 _aRU
_bNLR
_c20130402
942 _cBOOK
980 _aNBR